000 00998cam a2200253 4500500
005 20251228060044.0
041 _afre
042 _adc
100 1 0 _aMauriac, Frédéric
_eauthor
700 1 0 _aZeltner, Laure
_eauthor
700 1 0 _aMallat, Véronique
_eauthor
245 0 0 _aIntervenir en situation de crise
260 _c2002.
500 _a6
520 _aRésuméRéflexion d’une équipe lors d’interventions sur des situations de famille dont l’enfant ou l’adolescent est en crise. Interventions à durée limitée s’appuyant sur le modèle systémique et travaillant la relation entre les partenaires, tant professionnels que familiaux.
690 _aémique
690 _aentourage
690 _aétence
690 _aplace
690 _arelation
690 _arequalification
786 0 _nEnfances & Psy | 18 | 2 | 2002-06-01 | p. 55-61 | 1286-5559
856 4 1 _uhttps://shs.cairn.info/revue-enfances-et-psy-2002-2-page-55?lang=fr&redirect-ssocas=7080
999 _c1586835
_d1586835